Statistics for FNaFAnimatronics

Click here to take the quiz!

General Stats

  • This quiz has been taken 11 times
  • The average score is 56 of 98

Answer Stats

HintAnswer% Correct
Bonnie
100%
Chica
100%
Foxy
100%
FNaF 1Freddy
100%
Withered Bonnie
100%
Withered Foxy
100%
Balloon Boy
89%
Golden Freddy
89%
Mangle
89%
Marionette
89%
FNaF 4Nightmare
89%
Toy Bonnie
89%
Toy Chica
89%
FNaF 2Toy Freddy
89%
withered Chica
89%
Withered Freddy
89%
Funtime Foxy
78%
Nightmare Bonnie
78%
Nightmare Chica
78%
Nightmare Foxy
78%
Nightmare Freddy
78%
Phantom Chica
78%
Phantom foxy
78%
Phantom freddy
78%
Shadow Bonnie
78%
Shadow Freddy
78%
Ballora
67%
Sister LocationCircus Baby
67%
Original 2Fredbear
67%
Funtime Freddy
67%
Glamrock chica
67%
Security BreachGlamrock Freddy
67%
Jack o Bonnie
67%
Jack o Chica
67%
JJ
67%
Nightmare Balloon Boy
67%
Nightmare Fredbear
67%
Nightmare Mangle
67%
Phantom Balloon Boy
67%
Phantom Mangle
67%
Phantom Marionette
67%
Spring Bonnie
67%
withered Golden Freddy
67%
Bon Bon
56%
Bonnet
56%
Dread Bear
56%
Electrobab
56%
Endo 01
56%
Endo 02
56%
Ennard
56%
Funtime Chica
56%
Glamrock Bonnie
56%
Help WantedGlitchtrap
56%
Lefty
56%
Minireena
56%
Montgomery gator
56%
Moon
56%
Music Man
56%
Plushtrap
56%
Rockstar Bonnie
56%
Rockstar Chica
56%
Rockstar Foxy
56%
Rockstar Freddy
56%
Sun
56%
El Chip
44%
Happy Frog
44%
Pizzeria SimulatorHelpy
44%
Lolbit
44%
Map Bot
44%
Molten Freddy
44%
Mr Hippo
44%
Nedd Bear
44%
Nightmarionne
44%
Orville Elephant
44%
Pig Patch
44%
Scrapbaby
44%
Scraptrap
44%
Vanny
44%
Cupcake
33%
Egg Baby
33%
Glamrock Endo
33%
Prize King
33%
Roxane Wolf
33%
William Afton
33%
Yendo
33%
Bidybabs
22%
Candy Cadet
22%
Fruit Punch Clown
22%
Lemonade Clown
22%
Security Puppet
22%
FNaF 3Springtap
22%
Mike
11%
Xor
11%
Grimn Foxy
0%
Nightmare Golden Freddy
0%
Security bots
0%
Toy Golden Freddy
0%
Trash N Gang
0%

Score Distribution

Percentile by Number Answered

Percent of People with Each Score

Your Score History

You have not taken this quiz